Geografía y desencuentro: trascendencia e impacto pedagógico del mapamundi de Arno Peters
Uloženo v:
| Hlavní autor: | |
|---|---|
| Médium: | Kniha |
| Jazyk: | španělština |
| Vydáno: |
Santiago
Olejnik
2002
|
| Vydání: | 1a. ed |
| Edice: | Colección Ciencias Sociales
|
| Témata: | |
| Tagy: |
Přidat tag
Žádné tagy, Buďte první, kdo vytvoří štítek k tomuto záznamu!
|
MARC
| LEADER | 00000cam a2200000 a 4500 | ||
|---|---|---|---|
| 001 | UCI1582 | ||
| 003 | CL-VaPUC | ||
| 008 | 070706e20020000CL |||||||||||||||||spa|d | ||
| 020 | |a 9567799105 | ||
| 082 | 0 | 4 | |a 526.8 |b DIA |2 21 |
| 100 | 0 | |a Díaz Marchant, Carlos |e author |9 522165 | |
| 245 | 1 | 0 | |a Geografía y desencuentro: trascendencia e impacto pedagógico del mapamundi de Arno Peters |
| 250 | |a 1a. ed | ||
| 300 | |a 241 p | ||
| 942 | |c BK | ||
| 945 | |d 20070706 00:00:00 |a jtorresc | ||
| 260 | |a Santiago |b Olejnik |c 2002 | ||
| 650 | 0 | |a Cartografía |9 266055 | |
| 650 | 7 | |a MAPAS PROYECCIONES |2 CL-VaPUC |9 266395 | |
| 583 | |a last modification |c 20120403 09:57:21 |k Rodrigo Vera | ||
| 490 | 0 | |a Colección Ciencias Sociales | |
| 999 | |c 326365 |d 326363 | ||
| 952 | |0 0 |1 0 |4 0 |6 526_800000000000000_DIA_2002 |7 0 |8 A |9 408224 |a BIBEDU |b BIBEDU |d 2019-11-22 |i 4351932 |o 526.8 DIA 2002 |p 4351932 |r 2019-11-22 |w 2019-11-22 |y BK |k EBA | ||
| 952 | |0 0 |1 0 |4 0 |6 526_800000000000000_DIA_2002 |7 0 |8 A |9 408225 |a BIBING |b BIBING |d 2019-11-22 |i 4854063 |o 526.8 DIA 2002 |p 4854063 |r 2025-01-20 |w 2019-11-22 |y BK |k GEO | ||